Estudio de la responsabilidad civil y Derechos Humanos

Bibliographic Details
Main Author: Coca Alvarez, Vicente Luis
Format: eBook
Language:Spanish
Published: Ciudad de Mx̌ico: Editorial Acadm̌ica Espaǫla, 2019
Subjects:
Online Access:Acceso restringido

MARC

LEADER 00000nam a22000007a 4500
005 20191002232318.0
007 cr|||| ||||
008 191002s2019 mx |||||s|||| 00||0 spa d
020 |a 9783639782134 
035 |a 28948 
040 |a vLex 
090 |c 9685  |d 9685 
100 1 |a Coca Alvarez, Vicente Luis 
245 1 0 |a Estudio de la responsabilidad civil y Derechos Humanos  |h [Recurso electrn̤ico] /  |c Vicente Luis Coca Alvarez 
256 |a Servicio en ln̕ea 
260 |a Ciudad de Mx̌ico:  |b Editorial Acadm̌ica Espaǫla,  |c 2019 
300 |a 1 recurso electrn̤ico 
500 |a El props̤ito de esta investigacin̤ es realizar un anl̀isis en torno a la legislacin̤ nacional e internacional con relacin̤ a la responsabilidad civil, derivada de las violaciones graves de Derechos Humanos (DD.HH.) cometidas en el denominado “Caso Atenco”, municipio del Estado de Mx̌ico, en el aǫ 2006. La obligacin̤ de la reparacin̤ de los daǫs causados a las vc̕timas de violaciones de DD.HH., encuentra su fundamento legal en normas de Derecho Internacional Pb︢lico y de Derecho Penal Internacional. El Estado mexicano, en su carc̀ter suscribiente de tratados internacionales en materia de observancia y salvaguarda de DD.HH., se encuentra constreįdo a reconocerlos, respetarlos y observar su cumplimiento, en su m̀bito legal interno. Tales disposiciones seąlan que no podr ̀existir la prescripcin̤ a la denuncia de violaciones a los DD.HH. Dicha prerrogativa constituye una contradiccin̤ en la aplicacin̤ judicial del orden jurd̕ico mexicano. 
506 1 |a Disponible solo en los productos indicados  |d vLex Global  |d vLex Global (Academic Edition, excluding Law Schools)  |d vLex Global (U.S. Academic Edition, Law Schools)  |d vLex Global (U.S. Academic Edition, excluding Law Schools)  |d vLex Global (Academic Edition, Law Schools) 
650 0 4 |a Derecho Civil  |z Mx̌ico 
740 0 |a vLex Libros (Servicio en ln̕ea) 
856 4 0 |u http://vlex.com/source/28948  |z Acceso restringido 
942 |c BOOK 
999 0 |a Civil Law